书目信息 |
| 题名: |
大学物理
|
|
| 作者: | 胡海云 , 吴晓丽 , 缪劲松 主编 | |
| 分册: | 第三卷 电磁学 | |
| 出版信息: | 北京 高等教育出版社 2017 |
|
| 页数: | 308,40页 | |
| 开本: | 26cm | |
| 丛书名: | ||
| 单 册: | ||
| 中图分类: | O4 , O441-43 | |
| 科图分类: | ||
| 主题词: | 物理学--高等学校--教材 , 电磁学--高等学校--教材 | |
| 电子资源: | ||
| ISBN: | 978-7-04-047598-2 | |
| 000 | 00985nam0 2200313 450 | |
| 001 | 012001005278 | |
| 005 | 20191213102116.32 | |
| 010 | @a978-7-04-047598-2@dCNY42.00 | |
| 100 | @a20171018d2017 em y0chiy50 ea | |
| 101 | 0 | @achi |
| 102 | @aCN@b110000 | |
| 105 | @ay az 001yy | |
| 106 | @ar | |
| 200 | 1 | @a大学物理@9da xue wu li@h第三卷@i电磁学@f胡海云,吴晓丽,缪劲松主编 |
| 210 | @a北京@c高等教育出版社@d2017 | |
| 215 | @a308,40页@d26cm | |
| 300 | @aiCourse·教材 | |
| 320 | @a有书目(第308页)和索引(第308页) | |
| 330 | @a本套教材分为四卷,第三卷电磁学,包括静电场、静电场中的导体和电介质、恒定磁场、电磁感应和电磁场。 | |
| 517 | 1 | @a电磁学@9dian ci xue |
| 606 | 0 | @a物理学@x高等学校@j教材 |
| 606 | 0 | @a电磁学@x高等学校@j教材 |
| 690 | @aO4@v5 | |
| 690 | @aO441-43@v5 | |
| 701 | 0 | @a胡海云@9hu hai yun@4主编 |
| 701 | 0 | @a吴晓丽@9wu xiao li@4主编 |
| 701 | 0 | @a缪劲松@9Miao Jin Song@4主编 |
| 801 | 0 | @aCN@b江苏凤凰@c20191020 |
| 905 | @b1207691-4@dO4@e1072:3@f4 | |
| 大学物理.第三卷.电磁学/胡海云,吴晓丽,缪劲松主编.-北京:高等教育出版社,2017 |
| 308,40页;26cm |
| iCourse·教材 |
| ISBN 978-7-04-047598-2:CNY42.00 |
| 本套教材分为四卷,第三卷电磁学,包括静电场、静电场中的导体和电介质、恒定磁场、电磁感应和电磁场。 |
| ● |
| 相关链接 |
|
|
|
|
正题名:大学物理
索取号:O4/1072:3
 
预约/预借
| 序号 | 登录号 | 条形码 | 馆藏地/架位号 | 状态 | 备注 |
| 1 | 1207691 | 212076910 | 第二样本阅览室/ [索取号:O4/1072:3] | 在馆 | |
| 2 | 1207692 | 212076929 | 第三借阅区/ [索取号:O4/1072:3] | 在馆 | |
| 3 | 1207693 | 212076938 | 第三借阅区/ [索取号:O4/1072:3] | 在馆 | |
| 4 | 1207694 | 212076947 | 第三借阅区/ [索取号:O4/1072:3] | 在馆 |